00545cam a22002051 4500001001300000003000400013005001700017008004100034010001700075035002000092040003200112042001200144050002000156082001100176100003000187245005000217260003900267300001800306999001500324af 49000335 DLC20260227110915.0890515s1946 ne 000 1 ger c aaf 49000335  a(OCoLC)19709138 aYale Univ. LibrarycCUdDLC apremarc00aPT2623.I553bK60 a833.911 aLilje, Hanns,d1899-1977.14aDer Königspriester;beine indische Novelle. aTübingen,bFurche-Verlagc[1946] a54 p.c21 cm. c6577d6577